Elementary industrial electronics.Volume1 /

Shranjeno v:
Bibliografske podrobnosti
Glavni avtor: Leonard C.Lane
Format: Knjiga
Jezik:Vietnamese
Izdano: New York : John f. rider publisher,Inc , 1962
Izdaja:In lần thứ 1
Teme:
Oznake: Označite
Brez oznak, prvi označite!
Thư viện lưu trữ: Thư viện Trường CĐ Kỹ Thuật Cao Thắng
LEADER 00634nam a2200193 a 4500
001 TVCDKTCT2984
003 Thư viện trường Cao đẳng Kỹ thuật Cao Thắng
005 20050908000000
008 050908
980 \ \ |a Thư viện Trường CĐ Kỹ Thuật Cao Thắng 
024 |a RG_1 #1 eb0 i1 
041 0 # |a vie 
082 # # |a 621.3 /   |b L200L-e 
100 1 # |a Leonard C.Lane 
245 0 0 |a Elementary industrial electronics.Volume1 /  |c Leonard C.Lane 
250 # # |a In lần thứ 1 
260 # # |a New York :  |b John f. rider publisher,Inc ,  |c 1962 
300 # # |a 320tr. ;  |c 24 cm 
650 # 4 |a Công nghiệp điện tử